Cálculo simplificado de láminas cilíndricas /
Estudio para solucionar el problema de las estructuras laminares, desarrolla el cálculo de las láminas cilíndricas de directriz circular por medio de los conjuntos polilobulados. Es necesario además de las operaciones matemáticas una calculadora científica con diez cifras significativas.
Salvato in:
| Autore principale: | |
|---|---|
| Natura: | Libro |
| Lingua: | spagnolo |
| Pubblicazione: |
Madrid, España :
Colegio de Ingenieros de Caminos, Canales y Puertos,
1991, c1991
|
| Serie: | (Seinor ;
10) |
| Soggetti: | |
| Tags: |
Nessun Tag, puoi essere il primo ad aggiungerne!!
|
MARC
| LEADER | 00000nam^a2200000^a^4500 | ||
|---|---|---|---|
| 001 | 000121122 | ||
| 005 | 20250521000000.0 | ||
| 009 | 20260310094416.505 | ||
| 020 | |a 84-380-0042-8 | ||
| 037 | |a Acervo ITESO - Biblioteca | ||
| 041 | |a ESP | ||
| 082 | |a 624. 1779 |b CER | ||
| 100 | |a Cerdó Pons, Juan |e (autor) | ||
| 245 | 1 | 0 | |a Cálculo simplificado de láminas cilíndricas / |c J. Cerdó Pons. |
| 264 | 4 | |a Madrid, España : |b Colegio de Ingenieros de Caminos, Canales y Puertos, |c 1991, c1991 | |
| 300 | |a 141 p. | ||
| 336 | |a texto |b txt |2 rdacontenido | ||
| 337 | |a sin mediación |b n |2 rdamedio | ||
| 338 | |a volumen |b nc |2 rdasoporte | ||
| 440 | 1 | |a (Seinor ; |v 10) | |
| 520 | |a Estudio para solucionar el problema de las estructuras laminares, desarrolla el cálculo de las láminas cilíndricas de directriz circular por medio de los conjuntos polilobulados. Es necesario además de las operaciones matemáticas una calculadora científica con diez cifras significativas. | ||
| 649 | |a XX | ||
| 650 | |a Armaduras (Estructuras) | ||
| 650 | |a Cálculo Estructural | ||
| 650 | |a Diseño Estructural | ||
| 650 | |a Estructuras | ||
| 650 | |a Ingeniería Civil | ||
| 910 | |a Fondo General | ||
| 920 | |a Impresos - Libros | ||
| 930 | |a Colección General | ||
| 905 | |a 101 | ||
| 901 | |a 0500055885 |b IT1 |c ACC |u 20250521 | ||
| 902 | |a https://opac.biblio.iteso.mx/vufind/Record/000121122 | ||